Loading...
| Literature - World | 0 | 5 | 0 | 0 | 50 | 73 | 98.80 | 1 | 4 | 7.45 | 32.00 |
| Fine Arts - Painting and Sculpture | 0 | 5 | 0 | 1 | 50 | 70 | 93.20 | 1 | 5 | 8.72 | 40.00 |
| Science - Chemistry | 0 | 4 | 0 | 2 | 40 | 89 | 99.75 | 0 | 1 | 3.69 | 12.00 |
| Literature - European | 0 | 3 | 0 | 0 | 30 | 107 | 109.33 | 1 | 1 | 1.36 | 18.00 |
| Fine Arts - Classical Music | 0 | 3 | 0 | 0 | 30 | 40 | 61.33 | 2 | 3 | 14.51 | 26.00 |
| Science - Biology | 0 | 3 | 0 | 0 | 30 | 78 | 98.00 | 0 | 2 | 2.95 | 12.00 |
| Science - Other | 0 | 4 | 3 | 1 | 25 | 96 | 98.75 | 0 | 2 | 5.01 | 16.00 |
| Social Science | 0 | 2 | 0 | 0 | 20 | 90 | 96.00 | 0 | 2 | 2.46 | 13.33 |
| History - Other | 0 | 2 | 0 | 0 | 20 | 69 | 69.00 | 0 | 2 | 6.72 | 6.00 |
| Literature - British | 0 | 2 | 0 | 0 | 20 | 98 | 101.00 | 1 | 2 | 1.92 | 12.00 |
| Philosophy | 0 | 2 | 0 | 0 | 20 | 54 | 67.50 | 0 | 0 | 9.70 | 11.43 |
| Popular Culture | 0 | 2 | 0 | 0 | 20 | 54 | 55.50 | 0 | 2 | 17.30 | 20.00 |
| Religion | 0 | 2 | 0 | 1 | 20 | 29 | 74.00 | 0 | 2 | 7.34 | 8.00 |
| Science - Physics | 0 | 3 | 2 | 0 | 20 | 32 | 63.00 | 0 | 1 | 12.27 | 14.00 |
| Fine Arts - Other | 0 | 1 | 0 | 0 | 10 | 96 | 96.00 | 1 | 1 | 1.27 | 10.00 |
| Mythology | 0 | 1 | 1 | 0 | 5 | 75 | 75.00 | 0 | 1 | 3.48 | 6.00 |